000 00482nam a2200169 i 4500
001 141362
003 ES-MaACL
005 20230906200258.0
007 t|
008 070921s1947 pr ||||1| spa d
080 _a821.134.2(729.5)-82"19"
100 1 _aVillaronga, Luis.
_9115130
245 1 0 _aContemplación /
_cLuis Villaronga.
260 _aSan Juan (Puerto Rico) :
_b[s.n.],
_c1947 (
_fImp. Venezuela)
300 _a213 p. ;
_c20 cm.
852 _aES-MaACL
_jD-5883
_bR.31348
999 _c141362
_d141362